000
00265nam a2200109Ia 4500
008
220204s9999 xx 000 0 und d
082
_a
82-3HAR
_b
SEL
100
_a
Sellers, Alexandra
245
0
_a
Captive of desire
260
_a
London
_b
Harlequin
_c
1983
942
_c
BK
999
_c
37730
_d
37730